00390nam a2200121Ia 4500001000400000008004100004082001900045100006500064245007400129260002300203901002700226999001500253807241024s9999 xx 000 0 und d aRD/780.9/R426s aRepública Dominicana.Secretaría de Estado de Educación 0aSistema alternativo de Solfeo basado en colores y números Ola Skare bAlfa & Omegac2005 a2/12/2010 3:52:07 p.m. c7944d7944